Top 150 (Record no. 81740)

MARC details
000 -LEADER
fixed length control field 01225cab a22002055a 4500
001 - CONTROL NUMBER
control field L148174
008 - FIXED-LENGTH DATA ELEMENTS--GENERAL INFORMATION
fixed length control field 090811e20090731xxkda f s 000 0 eng u
035 ## - SYSTEM CONTROL NUMBER
System control number (Sirsi) u148174
041 0# - LANGUAGE CODE
Language code of text/sound track or separate title eng
100 1# - MAIN ENTRY--PERSONAL NAME
Personal name Hewes, Martin
245 00 - TITLE STATEMENT
Title Top 150
Remainder of title who's got the best gumboots?
260 ## - PUBLICATION, DISTRIBUTION, ETC.
Date of publication, distribution, etc. 2009
490 #0 - SERIES STATEMENT
Series statement Building
Volume/sequential designation 274 (8590) 31 July 2009, 32-52
520 ## - SUMMARY, ETC.
Summary, etc. Presents the top 150 contractors and housebuilders league table for 2009. Balfour Beatty is at the top of the 150 contractors and housebuilders again this year, followed by Carillion and Laing O'Rourke. Most companies who made a loss are housebuilders. Includes lists of top 150 contractors and housebuilders by turnover and pre-tax profit; top 50 contractors by contracting turnover, contractors by operating profit and operating margin; top 25 contractors in facilities management by turnover; top 25 housebuilders by housing turnover, by housing operating profit, by operating margin and by sales/completions; and top 100 contractors and housebuilders by highest-paid director and top 100 companies by average pay.
590 ## - LOCAL NOTE (RLIN)
Local note KA
651 #4 - SUBJECT ADDED ENTRY--GEOGRAPHIC NAME
Geographic name United Kingdom
Chronological subdivision
690 ## - LOCAL SUBJECT ADDED ENTRY--TOPICAL TERM (OCLC, RLIN)
Topical term or geographic name as entry element Construction management
9 (RLIN) 6230
700 1# - ADDED ENTRY--PERSONAL NAME
Personal name McMeeken, Roxane
942 ## - ADDED ENTRY ELEMENTS (KOHA)
Suppress in OPAC 0
Holdings
Withdrawn status Lost status Source of classification or shelving scheme Damaged status Not for loan Home library Current library Shelving location Date acquired Total Checkouts Full call number Barcode Date last seen Copy number Price effective from Koha item type
    Dewey Decimal Classification     London London Journal article 11/08/2009   L148174 148174-1001 06/08/2019 1 06/08/2019 Journal article